000 00579nam a2200193 i 4500
001 45398
003 ES-MaACL
005 20230906161218.0
007 t|
008 030325s1912 fr ||||1| fre d
100 1 _aColson, C.
_939900
245 1 0 _aOrganisme économique et désordre social /
_cC. Colson.
260 _aParis :
_bFlammarion,
_c1912 (
_fHemmerlé)
300 _a364 p. ;
_c19 cm.
490 1 _aBibliothèque de philosophie scientifique
830 0 _aBibliothèque de philosophie scientifique
_9181135
852 _aES-MaACL
_jF-6162
999 _c45398
_d45398